| 000 | 00598nam a2200241Ia 4500 | ||
|---|---|---|---|
| 003 | OSt | ||
| 005 | 20140429103538.0 | ||
| 008 | 140130s9999 xx 000 0 und d | ||
| 020 | _a0590402331 | ||
| 050 |
_aPZ 7 _b.N964If 1985 |
||
| 100 | _aNumeroff, Laura Joffe. | ||
| 245 |
_cLaura Joffe Numeroff. _aIf you give a mouse a cookie / |
||
| 260 |
_bScholastic Inc., _aUSA : _cc1985. |
||
| 300 |
_a40 p. : _bcol. ill. ; _c23 cm. |
||
| 440 | _v1 | ||
| 521 | _aG4 | ||
| 526 | _c660 | ||
| 650 |
_aMice _xFiction. |
||
| 942 |
_cBK _2lcc |
||
| 999 |
_c40749 _d40749 |
||